Mario Laarmann, Clément Ndé Fongang, Carla Seemann et Laura Vordermayer (éds), Reparation, Restitution and the Politics of Memory. Perspectives From Literary, Historical and Cultural Studies/Réparation, restitution et les politiques de la mémoire. Perspectives littéraires, historiques et culturelles, Boston/Berlin, De Gruyter, coll. Partager l’universel. Études sur le contemporain, 2023, 300 pages (notice n° 1542836)
[ vue normale ]
| 000 -LEADER | |
|---|---|
| fixed length control field | 00849cam a2200145 4500500 |
| 005 - DATE AND TIME OF LATEST TRANSACTION | |
| control field | 20251012023559.0 |
| 041 ## - LANGUAGE CODE | |
| Language code of text/sound track or separate title | fre |
| 042 ## - AUTHENTICATION CODE | |
| Authentication code | dc |
| 100 10 - MAIN ENTRY--PERSONAL NAME | |
| Personal name | Roche, Anne |
| Relator term | author |
| 245 00 - TITLE STATEMENT | |
| Title | Mario Laarmann, Clément Ndé Fongang, Carla Seemann et Laura Vordermayer (éds), Reparation, Restitution and the Politics of Memory. Perspectives From Literary, Historical and Cultural Studies/Réparation, restitution et les politiques de la mémoire. Perspectives littéraires, historiques et culturelles, Boston/Berlin, De Gruyter, coll. Partager l’universel. Études sur le contemporain, 2023, 300 pages |
| 260 ## - PUBLICATION, DISTRIBUTION, ETC. | |
| Date of publication, distribution, etc. | 2025.<br/> |
| 500 ## - GENERAL NOTE | |
| General note | 78 |
| 786 0# - DATA SOURCE ENTRY | |
| Note | Questions de communication | 46 | 2 | 2025-02-24 | p. 520-525 | 1633-5961 |
| 856 41 - ELECTRONIC LOCATION AND ACCESS | |
| Uniform Resource Identifier | <a href="https://shs.cairn.info/revue-questions-de-communication-2024-2-page-520?lang=fr&redirect-ssocas=7080">https://shs.cairn.info/revue-questions-de-communication-2024-2-page-520?lang=fr&redirect-ssocas=7080</a> |
Pas d'exemplaire disponible.




Réseaux sociaux